000 00452nam a22001817a 4500
003 CEME
005 20210628202724.0
008 210120b xxu||||| |||| 00| 0 eng d
040 _cceme
082 _a546 SHA
100 _aSharpe, Alan .G
_961248
245 _aInorganic chemistry
250 _a3RD ED
260 _aRAWALPINDI
_bNATIONAL BOOK FOUNDATION
_c2007
300 _aXVI, 697 P
650 _aINORGANIC CHEMISTRY
_961249
942 _cBK
_2ddc
999 _c570766
_d570766